[Event "German Int Juniors 2017"]
[Site "Stroebeck GER"]
[Date "2017.05.12"]
[Round "1.2"]
[White "Kollars,Dmitrij"]
[Black "Roseneck,Jonas"]
[Result "1-0"]
[WhiteElo "2503"]
[BlackElo "2173"]
[EventType "k.o."]

1.e4 c5 2.Nf3 d6 3.d4 cxd4 4.Nxd4 Nf6 5.Nc3 Bd7 6.Bg5 e6 7.Qd2 a6 8.O-O-O h6
9.Bxf6 Qxf6 10.f4 Nc6 11.Nf3 Qd8 12.f5 Qc7 13.fxe6 fxe6 14.Ne2 Qa5 15.Qxa5
Nxa5 16.Nf4 Kf7 17.h4 g6 18.Ne5+ dxe5 19.Rxd7+ Kf6 20.Nd3 Re8 21.Be2 Re7
22.Rf1+ Kg7 23.Nxe5 Rxd7 24.Nxd7 Be7 25.Bg4 Bxh4 26.Bxe6 h5 27.Bd5 Rc8 28.c3
Nc4 29.Rf7+ Kh6 30.e5 b5 31.e6 Ne3 32.Bb7 Re8 33.Nc5 a5 34.b4 axb4 35.cxb4 Nc4
36.Bc6 Rd8 37.Bd7 Bg5+ 38.Kc2 Ra8 39.a4 Nd6 40.Rf3 bxa4 41.Nxa4 Nf5 42.Rd3 Be7
43.Kb3 Kg5 44.b5 Nd6 45.Nb6 Ra7 46.Nd5 Bd8 47.Kb4 Ne4 48.b6 Rb7 49.Bc6 Rb8
50.e7 Bxe7+ 51.Nxe7 Rxb6+ 52.Ka5 Ra6+ 53.Kb5 Ra7 54.Nxg6 Kxg6 55.Bxe4+ Kf6
56.Rd5 Re7 57.Rf5+ Kg6 58.Re5+ Kf6 59.Rxe7 Kxe7 60.Bf5 {#r} 1-0

[Event "Nakhchivan Open 2017"]
[Site "Nakhchivan AZE"]
[Date "2017.05.11"]
[Round "9.8"]
[White "Burmakin,V"]
[Black "Gadimbayli,Abdulla"]
[Result "1-0"]
[WhiteElo "2508"]
[BlackElo "2382"]

1.Nf3 d5 2.c4 c6 3.e3 Nf6 4.Nc3 e6 5.b3 Nbd7 6.Bb2 b6 7.d4 Bb7 8.Bd3 Be7 9.O-O
O-O 10.Qc2 h6 11.Rac1 Rc8 12.Qe2 Qc7 13.cxd5 exd5 14.Rfd1 Qb8 15.Bf5 Rce8
16.Qc2 Bd6 17.g3 Rd8 18.Bh3 Rfe8 19.Bg2 Qa8 20.Ne1 Rc8 21.Qf5 Nf8 22.Nd3 Ng6
23.Ne2 Rc7 24.Qf3 Ne4 25.Nef4 Nxf4 26.Nxf4 Qd8 27.Nd3 Qe7 28.Qe2 Rcc8 29.Qg4
Rc7 30.Ne5 c5 31.f4 Bc8 32.Qh5 Nf6 33.Qe2 Bf5 34.g4 Be4 35.dxc5 Bxc5 36.Bxe4
Nxe4 37.Rxd5 f6 38.Qd3 Nd6 39.b4 fxe5 40.bxc5 Nf7 41.Bxe5 Rc6 42.Bd4 Qh4
43.Qf5 g6 44.Qc2 Qxg4+ 45.Qg2 Qxg2+ 46.Kxg2 Rec8 47.Rc3 bxc5 48.Rcxc5 Rxc5
49.Bxc5 Rb8 50.Bd4 Rc8 51.Ra5 Nd6 52.Ra6 Rd8 53.Kf3 Nf5 54.Bxa7 Kf7 55.a4 Rd2
56.h3 Rh2 57.a5 Rxh3+ 58.Kg2 Rg3+ 59.Kf2 Rh3 60.Bc5 Rh2+ 61.Kf3 Rc2 62.Rc6 Rc3
63.Ke2 Ng3+ 64.Kf3 Nf5 65.Ke4 Nd6+ 66.Kd5 Nc4 67.Rc7+ Kg8 68.a6 {#r} 1-0

[Event "Nakhchivan Open 2017"]
[Site "Nakhchivan AZE"]
[Date "2017.05.09"]
[Round "7.10"]
[White "Burmakin,V"]
[Black "Bashirli,Nail"]
[Result "1-0"]
[WhiteElo "2508"]
[BlackElo "2349"]

1.d4 Nf6 2.Nf3 e6 3.g3 d5 4.Bg2 Bd6 5.O-O O-O 6.b3 Nbd7 7.Bb2 b5 8.Ne5 Bb7
9.c4 bxc4 10.bxc4 Rb8 11.Nxd7 Qxd7 12.c5 Ba6 13.Bc3 Be7 14.Nd2 c6 15.Re1 Qc7
16.Qc2 e5 17.dxe5 Nd7 18.Bd4 Rb4 19.Qc3 Rxd4 20.Qxd4 Bxc5 21.Qf4 Nxe5 22.Rac1
Bd6 23.Qa4 Bb5 24.Qc2 Qa5 25.Nb3 Qa3 26.Red1 a5 27.e4 a4 28.Nd4 Bd3 29.Qc3
dxe4 30.Nxc6 Qxc3 31.Rxc3 Nxc6 32.Rxc6 Be5 33.Bf1 {#r} 1-0

[Event "47th Bosna Open 2017"]
[Site "Sarajevo BIH"]
[Date "2017.05.13"]
[Round "1.7"]
[White "Milanovic,Da"]
[Black "Urh,Zala"]
[Result "1-0"]
[WhiteElo "2510"]
[BlackElo "2036"]

1.d4 Nf6 2.c4 e6 3.Nc3 Bb4 4.e3 O-O 5.Bd3 b6 6.Ne2 d5 7.cxd5 exd5 8.O-O Be6
9.Bd2 Bd6 10.f3 c5 11.Rc1 Nc6 12.Be1 Rc8 13.Bh4 Re8 14.Ba6 Rb8 15.Nb5 Bf8
16.a3 Bc8 17.Bxc8 Rxc8 18.Qd2 Na5 19.Nxa7 Ra8 20.Nb5 Nb3 21.Qd1 Nxc1 22.Qxc1
Rc8 23.Nbc3 Be7 24.Qd2 Qd7 25.Rd1 Rcd8 26.Bf2 c4 27.h3 Qc6 28.Na2 h6 29.Re1
Bd6 30.Bh4 Bb8 31.Nb4 Qe6 32.Nc3 g5 33.Bf2 Qd6 34.Kf1 Qh2 35.Nc6 Rd7 36.Nxb8
Qxb8 37.Kg1 Rde7 38.Qc2 Qc8 39.e4 dxe4 40.fxe4 Qd7 41.e5 Nd5 42.Ne4 b5 43.Nd6
Rd8 44.Bg3 Re6 45.Qf2 Rf8 46.Qf3 Nb6 47.d5 Rg6 48.Nf5 Kh7 49.Rd1 Na4 50.Rd2
Nc5 51.Ne3 Nd3 52.b3 Rc8 53.bxc4 bxc4 54.Rc2 Qa7 55.Kh2 Nf4 56.Bxf4 gxf4
57.Qxf4 c3 58.Rf2 Rc7 59.d6 Rb7 60.Nc2 Qa5 61.Qe4 Qb6 62.Rf3 Kg7 63.Rxc3 Qf2
64.Qxb7 Qf4+ 65.Kg1 Qc1+ 66.Kh2 Qf4+ 67.Kg1 Qc1+ 68.Kf2 Qd2+ 69.Kf1 Qxc3
70.Qe4 Qd2 71.Nd4 Qc1+ 72.Kf2 Qb2+ 73.Kg1 Qc1+ 74.Kh2 Qc8 75.Nf5+ Kh7 76.Ne7
Qe6 77.Nxg6 fxg6 78.Qd4 {#r} 1-0

[Event "Lviv Rapid Cup 2017"]
[Site "Lviv UKR"]
[Date "2017.05.09"]
[Round "12.8"]
[White "Sivuk,V"]
[Black "Shkuran,D"]
[Result "1-0"]
[WhiteElo "2520"]
[BlackElo "2442"]

1.d4 d5 2.c4 c6 3.Nf3 Nf6 4.e3 e6 5.b3 Bd6 6.Bd3 Nbd7 7.Bb2 Qe7 8.Ne5 Nxe5
9.dxe5 Bb4+ 10.Nd2 Nd7 11.O-O Ba3 12.Bxa3 Qxa3 13.f4 b6 14.Qc2 Qc5 15.Rae1 g6
16.Qb2 a5 17.Kh1 O-O 18.Nf3 dxc4 19.bxc4 Qe7 20.Ng5 Nc5 21.Bb1 Ba6 22.Rc1 Rab8
23.Rf3 Kg7 24.e4 h6 25.Nh3 Rfd8 26.f5 Qd7 27.fxg6 fxg6 28.Qf2 Rf8 29.Rf6 Rxf6
30.exf6+ Kf7 31.e5 Nd3 32.Bxd3 Qxd3 33.Nf4 Qe4 34.Re1 Qxc4 35.Rd1 Rb7 36.h3
Qe4 37.Re1 Qc4 38.Qd2 Qb4 39.Qe3 Rd7 40.Rc1 g5 41.Nxe6 Kxe6 42.Rxc6+ Kd5
43.Rxb6 Qc4 44.e6 Rc7 {#r} 1-0

[Event "Zahoracky IM 2017"]
[Site "Senica SVK"]
[Date "2017.05.12"]
[Round "7.3"]
[White "Plat,V"]
[Black "Kostolansky,Sebastian Lukas"]
[Result "1-0"]
[WhiteElo "2522"]
[BlackElo "2154"]

1.e4 e6 2.d4 d5 3.Nd2 Nc6 4.Ngf3 Nf6 5.e5 Nd7 6.Bd3 f6 7.c4 fxe5 8.cxd5 exd5
9.dxe5 Be7 10.O-O O-O 11.Re1 Nc5 12.Be2 Ne6 13.Nf1 Nf4 14.Bxf4 Rxf4 15.Qd2 Rf8
16.Red1 Be6 17.Ne3 Bg5 18.Qc3 Bxe3 19.Qxe3 Qe7 20.Rac1 Nd8 21.Nd4 c6 22.f4 Bf5
23.Nxf5 Rxf5 24.Bd3 Rf8 25.Qh3 h6 26.Qg4 Qe8 27.Re1 Kh8 28.f5 Qe7 29.f6 gxf6
30.e6 c5 31.Qg6 Nc6 32.Qxh6+ Kg8 33.Re3 {#r} 1-0

[Event "Zahoracky IM 2017"]
[Site "Senica SVK"]
[Date "2017.05.11"]
[Round "5.4"]
[White "Plat,V"]
[Black "Sahidi,Samir"]
[Result "1-0"]
[WhiteElo "2522"]
[BlackElo "2210"]

1.d4 d5 2.c4 c6 3.Nc3 Nf6 4.cxd5 cxd5 5.Bf4 e6 6.e3 Bd6 7.Bxd6 Qxd6 8.f4 O-O
9.Bd3 b6 10.Nf3 Ba6 11.O-O Bxd3 12.Qxd3 a6 13.Rac1 Nc6 14.Ne5 Ne7 15.Rc2 b5
16.Rfc1 Rfc8 17.g4 b4 18.Na4 Rxc2 19.Qxc2 Ne4 20.Qc7 h5 21.gxh5 f6 22.Ng6 Nf5
23.Qb7 Qb8 24.Qxb8+ Rxb8 25.Rc6 Re8 26.Nc5 Ned6 27.Rxa6 Nc4 28.Rxe6 Rxe6
29.Nxe6 Nxb2 30.Nc7 Nxe3 31.Ne7+ Kf7 32.Ncxd5 Nc2 33.Nc6 Nd3 34.f5 Ke8 35.h6
gxh6 36.Nxf6+ Kf7 37.Nd5 Nc1 38.Ndxb4 Nxb4 39.Nxb4 Ne2+ 40.Kf2 Nxd4 41.a4 Nxf5
42.a5 Nd6 43.a6 Nc8 44.Kf3 Ke6 45.Kg4 Kd6 46.Kh5 Kc5 47.Kxh6 Kxb4 48.h4 Kb5
49.h5 Kxa6 50.Kg5 Nd6 51.Kg6 Nc4 52.h6 Ne5+ 53.Kg7 {#r} 1-0

[Event "Zahoracky IM 2017"]
[Site "Senica SVK"]
[Date "2017.05.10"]
[Round "3.5"]
[White "Plat,V"]
[Black "Gasa,A"]
[Result "1-0"]
[WhiteElo "2522"]
[BlackElo "2286"]

1.d4 Nf6 2.c4 e6 3.g3 c5 4.Nf3 cxd4 5.Nxd4 Nc6 6.Bg2 Qb6 7.Nb5 Bb4+ 8.N1c3 O-O
9.a3 Bxc3+ 10.Nxc3 Na5 11.O-O Nxc4 12.b3 Na5 13.Be3 Qxb3 14.Qxb3 Nxb3 15.Rab1
Na5 16.Bc5 d5 17.Bxf8 Kxf8 18.e4 d4 19.Nb5 e5 20.f4 Ng4 21.fxe5 Nxe5 22.Nxd4
Nac4 23.Rfc1 Nxa3 24.Rb3 Nac4 25.Rbc3 Nd6 26.Nb5 Nxb5 27.Rxc8+ Rxc8 28.Rxc8+
{#r} 1-0

[Event "Nakhchivan Open 2017"]
[Site "Nakhchivan AZE"]
[Date "2017.05.11"]
[Round "9.11"]
[White "Maiorov,N1"]
[Black "Bashirli,Nail"]
[Result "1-0"]
[WhiteElo "2527"]
[BlackElo "2349"]

1.d4 Nf6 2.c4 e6 3.Nc3 Bb4 4.Qc2 d5 5.cxd5 exd5 6.Bg5 h6 7.Bh4 c5 8.dxc5 Be6
9.e3 Nbd7 10.Bb5 g5 11.Bg3 Qa5 12.Bxd7+ Nxd7 13.Ne2 Rc8 14.O-O Qxc5 15.Rac1
O-O 16.Qb1 Qb6 17.Rfd1 Nf6 18.h3 Qa6 19.a3 Bxc3 20.Nxc3 Rc4 21.Be5 Nd7 22.Bd4
Rc6 23.f4 f5 24.Qc2 Nf6 25.Qf2 Rxc3 26.Bxc3 Ne4 27.Qe1 Rf7 28.Be5 Kh7 29.Rc2
b6 30.Rdc1 Nc5 31.fxg5 hxg5 32.b4 Ne4 33.Qd1 g4 34.Rc6 Qxa3 35.Qe1 Re7 36.Rc7
Rxc7 37.Rxc7+ Kg8 38.hxg4 fxg4 39.Bd4 Bf5 40.Qh4 {#r} 1-0

[Event "Lviv Rapid Cup 2017"]
[Site "Lviv UKR"]
[Date "2017.05.09"]
[Round "12.3"]
[White "Bernadskiy,V"]
[Black "Mamedov,Rau"]
[Result "0-1"]
[WhiteElo "2529"]
[BlackElo "2689"]

1.e4 c5 2.Nf3 Nc6 3.d4 cxd4 4.Nxd4 Nf6 5.Nc3 e5 6.Ndb5 d6 7.Bg5 a6 8.Na3 Be6
9.Nc4 Rb8 10.Ne3 Be7 11.Bxf6 Bxf6 12.Bc4 O-O 13.O-O Bg5 14.Ncd5 b5 15.Bb3 a5
16.a4 Nd4 17.axb5 Nxb3 18.cxb3 Bxe3 19.Nxe3 Rxb5 20.Nc4 Bxc4 21.bxc4 Rxb2
22.Qd5 Rb4 23.Rxa5 Rxc4 24.Qxc4 Qxa5 25.Rd1 Qb6 26.g3 g6 27.Qd5 Rd8 28.Rc1 Kg7
29.Kg2 Qa7 30.h4 h5 31.Rc3 Qe7 32.Rd3 Qe6 33.Qb7 Qc4 34.Rf3 Qe6 35.Rd3 Rd7
36.Qc8 Qg4 37.f3 Qe6 38.Ra3 Re7 39.Qxe6 fxe6 40.Ra8 Rd7 41.f4 exf4 42.gxf4 d5
43.e5 Rc7 44.Ra3 Kf7 45.Kf2 Ke7 46.Rb3 Rc2+ 47.Kf3 Kd7 48.Rb7+ Rc7 49.Rb3 Ra7
50.Rc3 Ra1 51.Rb3 Rf1+ 52.Ke3 Rh1 53.Rb7+ Kd8 54.Rf7 Rh3+ 55.Kd4 Rxh4 56.Kc5
Ke8 57.Rf6 Ke7 58.Rxg6 Rxf4 59.Rg7+ Rf7 60.Rg3 h4 61.Ra3 Rg7 62.Ra4 Rg1
63.Ra7+ Kf8 64.Kd6 Kg8 65.Kxe6 h3 66.Ra8+ Kg7 67.Ra2 d4 68.Kd7 Rg2 69.Ra3 h2
70.Rh3 d3 71.e6 d2 {#R} 0-1

[Event "Asian Juniors 2017"]
[Site "Shiraz IRI"]
[Date "2017.05.10"]
[Round "9.2"]
[White "Tran Tuan Minh"]
[Black "Gholami,A"]
[Result "1-0"]
[WhiteElo "2537"]
[BlackElo "2423"]

1.d4 Nf6 2.c4 e6 3.Nc3 Bb4 4.e3 O-O 5.Bd3 c5 6.Ne2 d5 7.a3 cxd4 8.exd4 Be7
9.O-O dxc4 10.Bxc4 Nbd7 11.Ba2 Nb6 12.Qd3 Bd7 13.Bg5 Bc6 14.Rad1 Nbd5 15.Bb1
g6 16.f3 Qb6 17.Qd2 Rfd8 18.Kh1 Rac8 19.Bh4 Qa5 20.Ba2 Nxc3 21.Nxc3 Qh5 22.Qf2
Rd7 23.d5 Nxd5 24.Bxe7 Rxe7 25.Bxd5 Bxd5 26.Qxa7 Bc6 27.a4 Ree8 28.Qb6 Qg5
29.b4 Red8 30.b5 Rxd1 31.Nxd1 Bd5 32.Ne3 Qe5 33.a5 Qc7 34.Qxc7 Rxc7 35.Ra1 Kf8
36.Kg1 Ke7 37.Nxd5+ exd5 38.Kf2 Kd6 39.Ke3 h5 40.h4 Ke5 41.a6 bxa6 42.bxa6 Ra7
43.Ra5 Kd6 44.Kd4 Kc6 45.g4 hxg4 46.fxg4 Kb6 47.Ra1 Kc6 48.Ke5 Kc5 49.h5 gxh5
50.gxh5 d4 51.h6 d3 52.h7 f6+ 53.Ke4 Ra8 54.Kxd3 Kb6 55.a7 Kb7 56.Rb1+ {#r}
1-0

[Event "Nakhchivan Open 2017"]
[Site "Nakhchivan AZE"]
[Date "2017.05.11"]
[Round "9.6"]
[White "Mirzoev,A"]
[Black "Asadli,Vugar"]
[Result "0-1"]
[WhiteElo "2543"]
[BlackElo "2439"]

1.Nf3 g6 2.c4 Bg7 3.Nc3 d6 4.g3 Nd7 5.Bg2 e5 6.O-O Ne7 7.d3 O-O 8.Rb1 a5 9.a3
f5 10.Qc2 c6 11.b4 axb4 12.axb4 h6 13.b5 d5 14.bxc6 bxc6 15.cxd5 cxd5 16.Nb5
Ba6 17.Nd2 e4 18.Ba3 Bxb5 19.Bxe7 Bxd3 20.Qb3 Qxe7 21.Qxd5+ Kh8 22.exd3 Nf6
23.Qb5 Rad8 24.Rfe1 Ng4 25.h3 Ne5 26.d4 Rxd4 27.Nb3 Rdd8 28.Red1 Rxd1+ 29.Rxd1
f4 30.Nd2 fxg3 31.fxg3 Nf3+ 32.Nxf3 exf3 33.Bf1 Qe3+ 34.Kh1 Bd4 35.Rxd4 Qxd4
36.h4 Rf7 37.h5 gxh5 38.Qxh5 Kg7 39.Qb5 Re7 40.Kh2 Qd2+ 41.Kg1 Qe3+ 42.Kh2
Qd2+ 43.Kg1 Qd4+ 44.Kh2 Rf7 45.Qa6 Qb2+ 46.Kh3 Qe5 47.g4 h5 48.Qc8 Rf4 49.Qd7+
Kh6 50.Qc6+ Kg5 51.Qc1 hxg4+ 52.Kg3 Kh5 53.Qxf4 Qe1+ {#R} 0-1

[Event "6th Llucmajor Open 2017"]
[Site "Llucmajor ESP"]
[Date "2017.05.14"]
[Round "2.8"]
[White "Forcen Esteban,D"]
[Black "Martinez Lopez,I"]
[Result "1-0"]
[WhiteElo "2545"]
[BlackElo "2209"]

1.e4 d5 2.exd5 Qxd5 3.Nc3 Qd6 4.d4 Nf6 5.Nf3 c6 6.Ne5 Nbd7 7.f4 e6 8.g4 Qc7
9.Bd3 Nd5 10.O-O Nxc3 11.bxc3 Bd6 12.g5 g6 13.Qe1 Be7 14.Rf3 b6 15.Bc4 Nxe5
16.fxe5 Bb7 17.Qf2 O-O 18.Rh3 c5 19.Be2 Kg7 20.Be3 cxd4 21.cxd4 Rac8 22.c4 Qc6
23.Bf3 Qd7 24.Rc1 Ba3 25.Rf1 Bxf3 26.Rxf3 Rxc4 27.Qh4 h5 28.gxh6+ Kh7 29.Qf6
Rg8 30.Qxf7+ Qxf7 31.Rxf7+ {#r} 1-0

[Event "Copenhagen CC 2017"]
[Site "Ballerup DEN"]
[Date "2017.05.13"]
[Round "6.3"]
[White "Chatalbashev,B"]
[Black "Englert,F"]
[Result "1-0"]
[WhiteElo "2546"]
[BlackElo "2375"]

1.c4 e6 2.g3 d5 3.Bg2 dxc4 4.Nf3 a6 5.Qc2 Nc6 6.Qxc4 e5 7.O-O Be6 8.Qa4 f6
9.Nc3 Ne7 10.d4 b5 11.Qc2 exd4 12.Ne4 Nb4 13.Qd2 Nf5 14.a3 Nc6 15.Qc2 Bd5
16.Rd1 Be7 17.Nc3 Be6 18.Nh4 Nxh4 19.Bxc6+ Kf7 20.gxh4 Rb8 21.Be3 Qd6 22.Ne4
Qe5 23.Rxd4 {#r} 1-0

[Event "TCh-BLR 2017"]
[Site "Minsk BLR"]
[Date "2017.05.12"]
[Round "5.2"]
[White "Aleksandrov,A"]
[Black "Ziaziulkina,N"]
[Result "1-0"]
[WhiteElo "2559"]
[BlackElo "2371"]

1.d4 d5 2.c4 c6 3.Nf3 Nf6 4.e3 Bf5 5.Nc3 a6 6.Bd3 Bxd3 7.Qxd3 e6 8.O-O Bb4
9.Bd2 O-O 10.Rfd1 a5 11.a3 Bxc3 12.bxc3 Nbd7 13.cxd5 exd5 14.c4 dxc4 15.Qxc4
Ne4 16.Be1 Qe7 17.a4 Rfe8 18.Rab1 Nd6 19.Qd3 h6 20.h3 Red8 21.Rdc1 Qe6 22.Nd2
Qd5 23.e4 Qe6 24.f3 Rac8 25.Bh4 Re8 26.Bg3 b6 27.Bxd6 Qxd6 28.Nc4 Qc7 29.e5
Rcd8 30.Nd6 Re6 31.Qc4 Nb8 32.Qb3 Nd7 33.Nxf7 Nc5 34.Nxh6+ Kh8 35.dxc5 Rxh6
36.cxb6 Qxe5 37.Qb2 Qg5 38.Rd1 Rb8 39.Qd2 Qg3 40.Qf2 Qf4 41.Qd4 Qg5 42.Qg4
Qe3+ 43.Kh2 Qe5+ 44.Qg3 Qe8 45.b7 Rg6 46.Re1 {#r} 1-0

[Event "11th Agzamov Mem 2017"]
[Site "Tashkent UZB"]
[Date "2017.05.09"]
[Round "8.1"]
[White "Stupak,K"]
[Black "Rasulov,Vu"]
[Result "1-0"]
[WhiteElo "2560"]
[BlackElo "2506"]

1.c4 g6 2.d4 Bg7 3.Nc3 d6 4.Nf3 Nd7 5.g3 e5 6.Bg2 Ne7 7.O-O O-O 8.dxe5 dxe5
9.e4 h6 10.Be3 f5 11.Qd2 g5 12.exf5 Nxf5 13.Rad1 g4 14.Ne1 c6 15.Bc5 Rf7
16.Ne4 Nd4 17.Bxd4 exd4 18.Nd6 Rf8 19.Nd3 Ne5 20.Nxc8 Nf3+ 21.Bxf3 gxf3
22.Rfe1 Qxc8 23.Nf4 Qd7 24.Kh1 Rae8 25.Rxe8 Rxe8 26.Qd3 Qf7 27.b3 Be5 28.Qxf3
Bxf4 29.gxf4 Kh8 30.c5 a5 31.h3 Qf6 32.Qd3 Rd8 33.Qe4 Qg7 34.Rd3 Qf6 35.Qe2
Qf7 36.Qe5+ Kh7 37.Rxd4 Re8 38.Qd6 Re6 39.Qd7 Re7 40.Qg4 Re6 41.Kh2 h5 42.Qg5
Re2 43.Rd6 {#r} 1-0

[Event "ch-ISL 2017"]
[Site "Hafnarfjordur ISL"]
[Date "2017.05.14"]
[Round "4.4"]
[White "Steingrimsson,H"]
[Black "Kjartansson,Dav"]
[Result "1-0"]
[WhiteElo "2562"]
[BlackElo "2389"]

1.d4 e6 2.c4 Nf6 3.Nc3 Bb4 4.Qc2 O-O 5.a3 Bxc3+ 6.Qxc3 b5 7.cxb5 Nd5 8.Qc2 f5
9.e4 fxe4 10.Qxe4 c6 11.Nf3 Bb7 12.Bg5 Nf6 13.Bxf6 Rxf6 14.Bd3 g6 15.h4 Qa5+
16.Kf1 Qc7 17.Rc1 {#r} 1-0

[Event "ch-ISL 2017"]
[Site "Hafnarfjordur ISL"]
[Date "2017.05.11"]
[Round "2.5"]
[White "Steingrimsson,H"]
[Black "Birkisson,Bardur Orn"]
[Result "1-0"]
[WhiteElo "2562"]
[BlackElo "2162"]

1.d4 d5 2.c4 c6 3.Nc3 Nf6 4.e3 a6 5.Qc2 g6 6.Bd3 b5 7.b3 Bg7 8.Nf3 Nbd7 9.cxd5
cxd5 10.b4 Nb6 11.a4 bxa4 12.Nxa4 Nxa4 13.Rxa4 O-O 14.Ne5 Bb7 15.O-O Qc8
16.Qa2 Ne4 17.Ra5 Bxe5 18.dxe5 Qc3 19.Bxe4 dxe4 20.Rc5 Qd3 21.Bb2 Rac8 22.Bd4
e6 23.h3 Bd5 24.Qa5 Bc4 25.Rc1 Rxc5 26.Qxc5 Bb5 27.Kh2 Qe2 28.Rc2 Qh5 29.Qd6
Qf5 30.Kg1 Re8 31.Bb6 Qg5 32.Rd2 Bd3 33.Qd7 Bb5 34.Qd4 Bd3 35.f3 Qg3 36.Rf2
Rc8 37.Bc5 Bb5 38.Qxe4 Rd8 39.Bd6 Rc8 40.Rc2 Re8 41.Rc7 Qg5 42.Kf2 Qf5 43.Qb7
g5 44.Rc8 h5 45.Rxe8+ Bxe8 46.Qc8 h4 47.Qxe8+ Kh7 48.Qc6 {#r} 1-0

[Event "ch-ISL 2017"]
[Site "Hafnarfjordur ISL"]
[Date "2017.05.10"]
[Round "1.1"]
[White "Steingrimsson,H"]
[Black "Thorfinnsson,Bj"]
[Result "1-0"]
[WhiteElo "2562"]
[BlackElo "2407"]

1.d4 Nf6 2.c4 e5 3.dxe5 Ng4 4.Nf3 Bc5 5.e3 Nc6 6.Be2 Ngxe5 7.Nxe5 Nxe5 8.Nc3
O-O 9.O-O Re8 10.b3 a5 11.Kh1 Ra6 12.f4 Rd6 13.Qc2 Rh6 14.fxe5 Qh4 15.h3 d5
16.Rf3 Bg4 17.Rf4 Rxe5 18.Bxg4 g5 19.Rf1 Qxg4 20.Nxd5 f5 21.Nf6+ Rxf6 22.hxg4
{#r} 1-0

[Event "German Int Juniors 2017"]
[Site "Stroebeck GER"]
[Date "2017.05.11"]
[Round "1.1"]
[White "Donchenko,Alexa"]
[Black "Nguyen,Alex Dac-Vuong"]
[Result "1-0"]
[WhiteElo "2563"]
[BlackElo "2051"]
[EventType "k.o."]

1.c4 Nf6 2.g3 g6 3.Bg2 Bg7 4.Nc3 O-O 5.e4 d6 6.Nge2 c6 7.O-O e5 8.d3 Be6 9.h3
Qd7 10.Kh2 d5 11.exd5 cxd5 12.d4 exd4 13.Nxd4 Nc6 14.Nxe6 fxe6 15.cxd5 exd5
16.Nxd5 Nxd5 17.Qxd5+ Qxd5 18.Bxd5+ Kh8 19.Be3 Rf5 20.Rfd1 Nb4 21.Bxb7 Rb8
22.Be4 Ra5 23.Rd2 Ra4 24.Rad1 Bf6 25.a3 Na6 26.Bc6 Rc4 27.Bd5 {#r} 1-0

[Event "6th Llucmajor Open 2017"]
[Site "Llucmajor ESP"]
[Date "2017.05.14"]
[Round "2.6"]
[White "Brunello,S"]
[Black "Louis,T"]
[Result "1-0"]
[WhiteElo "2565"]
[BlackElo "2228"]

1.d4 Nf6 2.c4 e6 3.g3 d5 4.Bg2 dxc4 5.Nf3 c5 6.O-O Nc6 7.Qa4 cxd4 8.Nxd4 Qxd4
9.Bxc6+ Bd7 10.Rd1 Bxc6 11.Qxc6+ bxc6 12.Rxd4 c5 13.Rxc4 Rd8 14.Bd2 Be7 15.Rc2
O-O 16.Na3 Nd5 17.Nc4 f5 18.Ne5 Bd6 19.Nd3 Rb8 20.b3 Nb4 21.Nxb4 cxb4 22.Rc6
Rfd8 23.Be3 Be5 24.Rac1 Kf7 25.Ra6 Rbc8 26.Rxa7+ Kf6 27.Rxc8 Rxc8 28.f4 Bb2
29.Kf2 Rc6 30.Rb7 Bc3 31.Kf3 Ra6 32.Ra7 Rxa7 33.Bxa7 e5 34.e4 g5 35.fxg5+ Kxg5
36.h4+ Kf6 37.exf5 h5 38.g4 Be1 39.Bb6 e4+ 40.Kxe4 hxg4 41.Bd8+ Kg7 42.Kf4 g3
43.Kf3 Kf7 44.h5 {#r} 1-0

[Event "ch-ISL 2017"]
[Site "Hafnarfjordur ISL"]
[Date "2017.05.15"]
[Round "5.4"]
[White "Stefansson,H"]
[Black "Kjartansson,G"]
[Result "0-1"]
[WhiteElo "2566"]
[BlackElo "2437"]

1.d4 d5 2.c4 c6 3.Nf3 Nf6 4.Nc3 e6 5.e3 a6 6.b3 Bb4 7.Bd2 Nbd7 8.Bd3 O-O 9.O-O
Bd6 10.Rc1 Re8 11.Qc2 e5 12.cxd5 cxd5 13.dxe5 Nxe5 14.Nxe5 Bxe5 15.Ne2 Bd7
16.Rfd1 Rc8 17.Bc3 Bxh2+ 18.Kf1 Be5 19.Qb2 Bxc3 20.Nxc3 d4 21.exd4 Ng4 22.Ne4
f5 23.Ng3 f4 24.Rxc8 Bxc8 25.Ne4 Qh4 26.Re1 Bf5 27.Nf6+ Nxf6 28.Rxe8+ Nxe8
29.Bxf5 Qh1+ 30.Ke2 Qh5+ {#R} 0-1

[Event "ch-ISL 2017"]
[Site "Hafnarfjordur ISL"]
[Date "2017.05.13"]
[Round "3.5"]
[White "Stefansson,H"]
[Black "Gislason,G"]
[Result "1-0"]
[WhiteElo "2566"]
[BlackElo "2336"]

1.e4 g6 2.d4 Bg7 3.Nc3 d6 4.Be3 a6 5.Qd2 h6 6.a4 b6 7.Bd3 e6 8.Nf3 Nd7 9.O-O
Ne7 10.Ne2 Bb7 11.Ng3 Nf6 12.Qe2 O-O 13.h3 d5 14.e5 Ne4 15.Nd2 Nf5 16.Nxf5
exf5 17.c4 Ng5 18.f3 Ne6 19.Nb3 dxc4 20.Bxc4 Bd5 21.Rfc1 b5 22.Bxd5 Qxd5
23.Rc3 f4 24.Bf2 Rfd8 25.Qe4 Qxe4 26.fxe4 Ng5 27.Re1 bxa4 28.Na5 Rdb8 29.Rc2
c5 30.Nc6 cxd4 31.Nxb8 Rxb8 32.Bxd4 Rb4 33.Rc8+ Kh7 34.Bc3 Rxe4 35.Rxe4 Nxe4
36.e6 fxe6 37.Bxg7 Kxg7 38.Rc4 Ng3 39.Rxa4 g5 40.Rxa6 Kf6 41.b4 Ne2+ 42.Kf2
Nd4 43.Ra8 h5 44.Rb8 e5 45.b5 e4 46.b6 g4 47.Rf8+ Kg5 48.h4+ {#r} 1-0

[Event "TCh-BLR 2017"]
[Site "Minsk BLR"]
[Date "2017.05.10"]
[Round "3.1"]
[White "Zhigalko,A"]
[Black "Kazakovskiy,Valeriy"]
[Result "1-0"]
[WhiteElo "2566"]
[BlackElo "2443"]

1.e4 e5 2.Nf3 Nc6 3.Bc4 Nf6 4.Ng5 d5 5.exd5 Na5 6.Bb5+ c6 7.dxc6 bxc6 8.Bd3
Nd5 9.h4 Qc7 10.Be4 f5 11.Bxd5 cxd5 12.O-O d4 13.d3 Bd6 14.c3 O-O 15.cxd4 exd4
16.Bd2 Rb8 17.Na3 Bxa3 18.bxa3 Nc6 19.Rc1 Qd7 20.Re1 Bb7 21.Bf4 Ra8 22.Qb3+
Kh8 23.Ne6 Rf6 24.Nc5 {#r} 1-0

[Event "TCh-BLR 2017"]
[Site "Minsk BLR"]
[Date "2017.05.09"]
[Round "2.1"]
[White "Zhigalko,A"]
[Black "Ziaziulkina,N"]
[Result "0-1"]
[WhiteElo "2566"]
[BlackElo "2371"]

1.c4 e5 2.Nc3 Nf6 3.e3 Be7 4.Nf3 Nc6 5.Qb3 O-O 6.Be2 Re8 7.O-O Bf8 8.d4 e4
9.Nd2 d6 10.Bd1 Bf5 11.Qxb7 Na5 12.Qb5 c5 13.b4 cxb4 14.Qxb4 Rc8 15.Ba4 Re7
16.Bb5 Rb8 17.Qa4 Bc8 18.Nb3 Nxb3 19.axb3 a6 20.Bc6 Qb6 21.Ra3 Rc7 22.d5 Qc5
23.Ra1 Qb6 24.Rb1 Ng4 25.b4 f5 26.b5 a5 27.Qa2 Rf7 28.Bd2 Qd8 29.Ne2 Qh4 30.h3
Ne5 31.Nd4 Nf3+ 32.Kh1 Rf6 33.Ne6 Rh6 {#R} 0-1

[Event "Nakhchivan Open 2017"]
[Site "Nakhchivan AZE"]
[Date "2017.05.10"]
[Round "8.9"]
[White "Khenkin,I"]
[Black "Mammadzada,G"]
[Result "1-0"]
[WhiteElo "2568"]
[BlackElo "2359"]

1.d4 d5 2.c4 c6 3.Nf3 Nf6 4.Qb3 dxc4 5.Qxc4 Bg4 6.Nc3 Nbd7 7.e4 Bxf3 8.gxf3 e5
9.Be3 exd4 10.Bxd4 Bd6 11.O-O-O Qe7 12.Ne2 Bc5 13.Bh3 O-O 14.Rhg1 g6 15.Ng3
Bxd4 16.Qxd4 Rfd8 17.f4 Qc5+ 18.Kb1 Qxd4 19.Rxd4 Nc5 20.Rgd1 Rxd4 21.Rxd4 Re8
22.f3 Kf8 23.Kc2 h5 24.b4 Na6 25.a3 h4 26.Ne2 Nc7 27.Rd6 Ke7 28.e5 Nfd5
29.Rd7+ Kf8 30.Kd2 a5 31.bxa5 Ra8 32.f5 gxf5 33.Nd4 Ke8 34.Bxf5 Rxa5 35.Nc2
Ra4 36.Rd6 Nb5 37.Bd7+ Ke7 38.Rxd5 cxd5 39.Bxb5 Ra8 40.f4 f6 41.exf6+ Kxf6
42.h3 Rg8 43.Ne3 Rg3 44.Bd7 d4 45.Nd5+ Kf7 46.a4 Ra3 47.Kc2 Rf3 48.Kb2 Rg3
49.Bc8 Rg8 50.Nb6 Kg6 51.Bxb7 Kf5 52.a5 {#r} 1-0

[Event "German Club Cup Final"]
[Site "Dresden GER"]
[Date "2017.05.13"]
[Round "1.1"]
[White "Wagner,De"]
[Black "Ostrovskiy,And"]
[Result "1-0"]
[WhiteElo "2571"]
[BlackElo "2444"]

1.e4 e5 2.Nf3 Nc6 3.Bb5 a6 4.Ba4 Nf6 5.O-O Be7 6.Re1 b5 7.Bb3 d6 8.c3 O-O 9.h3
h6 10.d4 Re8 11.Nbd2 Bf8 12.Nf1 Bd7 13.Ng3 Na5 14.Bc2 Nc4 15.a4 c5 16.b3 Na5
17.axb5 axb5 18.d5 Qc7 19.Be3 Rec8 20.Nd2 Nb7 21.Qf3 Qd8 22.Bd3 Ra5 23.Qe2
Rca8 24.Rac1 Qe8 25.Qf1 Ra3 26.f4 Nh7 27.fxe5 dxe5 28.Ra1 g6 29.Rxa3 Rxa3
30.Ra1 Rxa1 31.Qxa1 Qc8 32.Qa7 h5 33.Qb6 c4 34.bxc4 Nc5 35.Be2 Na4 36.Qa5 Bc5
37.Ngf1 Bxe3+ 38.Nxe3 Qc5 39.Kf2 Nf6 40.Qb4 Kg7 41.Qxc5 Nxc5 42.Kf3 g5 43.cxb5
g4+ 44.hxg4 hxg4+ 45.Kg3 Nfxe4+ 46.Nxe4 Nxe4+ 47.Kh4 f5 48.b6 Nc5 49.Nc4 Bb5
50.Kg5 f4 51.Kxg4 Kf6 52.Kf3 Bxc4 53.Bxc4 Kf5 54.Bd3+ Kf6 55.Bb5 Kf5 56.Bd3+
Kf6 57.Kg4 Ke7 58.Bb5 Kd6 59.Bc6 Na6 60.Kf5 Nb8 61.b7 Na6 62.Bb5 Nb8 63.c4
{#r} 1-0